Equal yield tax alternatives (Registro nro. 25786)

Detalles MARC
000 -LEADER
fixed length control field 00349 a2200121 4500
001 - CONTROL NUMBER
control field ART_11740
005 - DATE AND TIME OF LATEST TRANSACTION
control field 20260410161859.0
008 - FIXED-LENGTH DATA ELEMENTS--GENERAL INFORMATION
fixed length control field 260409a
100 1# - MAIN ENTRY--PERSONAL NAME
Personal name Whalley, John
245 10 - TITLE STATEMENT
Title Equal yield tax alternatives
700 1# - ADDED ENTRY--PERSONAL NAME
Personal name Shoven, John B.
773 0# - HOST ITEM ENTRY
Title Journal of public economics
Related parts - Vol. 8, Nº 2 (oct. 1977)
Record control number REV11485

No hay ítems disponibles.